000 00590nam a2200241Ia 4500
008 170203s9999 xx 000 0 und d
020 _a0-1140312587
050 _aFic
050 _bS483w
100 _aSeredy, Kate.
245 4 _aThe white stag /
245 _cwritten and illustrated by Kate Seredy.
260 _aNew York :
260 _bViking Press,
260 _c1937
300 _a94, [1] pages :
300 _billustrations ;
300 _c24 cm.
650 _aFolklore--Hungary.
650 _aHungary--
650 _aLegends, Hungarian.
650 _xFiction.
999 _c306644
_d306644